000 009310000a22003010004500
090 _aAR
_b03573
245 1 0 _aInfluence of trees on abundance of natural enemies of insect pests
_sa review
500 _aColección uso y valoración
650 1 4 _aServicios ambientales
_994060
650 1 4 _aAgroecología
_9230
650 1 4 _aControl de plagas
_91120
650 1 4 _aInsectos
_992622
041 0 _aInglés
700 1 _aJohnson, R. J.
_997217
700 1 _aHarrell, M. O.
_997218
700 1 _aCase, R. M.
_997219
700 1 _aWright, R. J.
_997220
700 1 _aHodges, L.
_997221
700 1 _aBrandle, J. R.
_997222
700 1 _aSchoeneberger, M. M.
_997223
700 1 _aSunderman, N. J.
_997224
700 1 _aFitzmaurice, R. L.
_997225
700 1 _aYoung, L. J.
_997226
700 1 _aHubbard, K. G.
_997227
100 1 _aDix, M. E.
_997228
942 _cARTICULO
773 1 _tAgroforestry Systems
_q303-311
_d1995
_g29
999 _c12623
_d12623